Tormenta de espadas. Canción de hielo y fuego III.

Saved in:
書目詳細資料
主要作者: Martin, George R. R. (autor)
其他作者: Macía, Cristina (traducción), Ibañez Amador, Adela (traducción), Cervera de la Torre, Natalia (traducción), Cuervo, Alejo (traducción)
格式: 圖書
出版: Santiago, Chile: Debolsillo; Penguin Random House, 2019.
版:Cuarta edición.
叢編:Canción de hielo y fuego; III
主題:
標簽: 添加標簽
沒有標簽, 成為第一個標記此記錄!

MARC

LEADER 00000nam a22000007a 4500
003 CL-VaPUC
005 20231124151020.0
008 230405b2019 ||||| |||| 00| 0 eng d
999 |c 440484  |d 440482 
040 |c Pontificia Universidad Católica de Valparaíso 
082 0 4 |2 21  |a 813 MAR 2019 
100 1 |a  Martin, George R. R.  |e autor  |9 881216 
245 1 0 |a Tormenta de espadas.   |b Canción de hielo y fuego III.  
246 |a A Storm of Swords  |i Título original 
250 |a Cuarta edición.  
260 |a Santiago, Chile:  |b Debolsillo;  |b Penguin Random House,  |c 2019. 
300 |a volumen III, 1172 páginas 
440 |a Canción de hielo y fuego;  |v III  |9 881217 
490 0 |a Bestseller 
583 |c 20230405  |k Valeria Valenzuela 
650 1 |a Literatura estadounidense  |9 317168 
650 1 |a Novelas estadounidenses  |9 265217 
650 1 0 |a Literatura fantástica   |9 266050 
700 |a Macía, Cristina  |e traducción  |9 881218 
700 |a Ibañez Amador, Adela  |e traducción  |9 881219 
700 |a Cervera de la Torre, Natalia  |e traducción  |9 881220 
700 |a Cuervo, Alejo  |e traducción  |9 881221 
942 |2 ddc  |c BK 
952 |0 0  |1 0  |2 ddc  |4 0  |6 813_000000000000000_MAR_2019  |7 0  |9 589463  |a BIBGIM  |b BIBGIM  |d 2023-04-05  |e Reposición  |h v.3  |i 5656950  |l 1  |o 813 MAR 2019  |p 5656950  |r 2025-01-15  |s 2023-05-03  |t 1  |w 2023-04-05  |y BK  |k SSL